00706 2200229 4500001002100000005001700021008004100038035002400079082001100103090002200114100001900136245009600155260002800251300003500279500006600314500003000380650002700410850000900437985000600446986000900452999001500461YOGYA-0209000007225920090227093618.0 ind  0010-020900000072259 a331.76 a331.76bHar AlSK aHARTATI, Nunuk aAktivitas produksi dan konsumsi buruh tani di pedesaan Kabupaten Slemancoleh Nunuk hartati aYogyakartab[s.n]c1994 axxiii,119[4]lembarbilusc30cm askripsi Fakultas pertanian Universitas Gadjah Mada Yogyakarta abibliografi:lembar117-119 aTenaga kerja pertanian aBPAD a1 aheru a08A0036128